000
00213nam a2200085Ia 4500
245
0
_a
Solitary
100
_a
SMITH, Alexander Gordon London, 2009
942
_c
BK
008
210819s9999 xx 000 0 und d
999
_c
302481
_d
302479